000 00622nam a2200181 i 4500
001 47163
003 ES-MaACL
005 20230906161520.0
007 t|
008 030404s1961 sp ||||1| spa d
100 1 _aConsuegra Urrutia, José Ricardo.
_940255
245 1 0 _aEstudio de la sonoinversión y sus resultados
_b: memoria /
_cJosé Ricardo Consuegra Urrutia.
260 _aSalamanca :
_b[s.n.,
_c1961]
300 _a96 p. ;
_c25 cm.
500 _aPrecede al tít.: Facultad de Medicina de Salamanca.
710 0 0 _aUniversidad de Salamanca.
_bFacultad de Medicina.
_97286
852 _aES-MaACL
_jC-20417
_bR.48690
999 _c47163
_d47163